[Event "Otto Ibenfeldt Memorial - IM"]
[Site "Gausdal"]
[Date "2006.01.16"]
[Round "1"]
[White "Bentsen, Øyvind"]
[Black "Andreasen, Per"]
[Result "1/2-1/2"]
[WhiteElo "2187"]
[BlackElo "2295"]
[PlyCount "36"]
[EventDate "2006.??.??"]

1. e4 g6 2. d4 Bg7 3. Nf3 d6 4. Nc3 a6 5. Be2 b5 6. a3 Bb7 7. O-O Nd7 8. Re1 c5
9. Be3 cxd4 10. Bxd4 Ngf6 11. e5 dxe5 12. Nxe5 Nxe5 13. Bxe5 Qb6 14. Bd4 Qc7
15. Be5 Qb6 16. Bf3 Rd8 17. Qe2 O-O 18. Rad1 Bxf3 1/2-1/2

[Event "Otto Ibenfeldt Memorial - IM"]
[Site "Gausdal"]
[Date "2006.01.16"]
[Round "1"]
[White "Lie, Espen"]
[Black "Sagafos, Magne"]
[Result "1-0"]
[WhiteElo "2325"]
[BlackElo "2273"]
[PlyCount "119"]
[EventDate "2006.??.??"]

1. c4 c5 2. g3 g6 3. Bg2 Nc6 4. Nc3 Bg7 5. a3 b6 6. b4 Bb7 7. b5 Na5 8. Bxb7
Nxb7 9. Bb2 e6 10. Nf3 Ne7 11. Qc2 Nf5 12. e3 Qf6 13. Na4 Nd4 14. Nxd4 cxd4 15.
Bxd4 Qf3 16. Bxg7 Qxh1+ 17. Ke2 Qxh2 18. Qe4 d5 19. Qf3 Rg8 20. Rh1 Qxh1 21.
Qxh1 Rxg7 22. cxd5 exd5 23. Qxd5 f5 24. Nc3 Kf8 25. g4 fxg4 26. Ne4 Rd8 27. Qe5
h5 28. Ng5 Re8 29. Ne6+ Rxe6 30. Qxe6 Nc5 31. Qc8+ Ke7 32. d4 Nd7 33. e4 Rf7
34. Qg8 Nf8 35. Qh8 Nh7 36. Qe5+ Kf8 37. d5 Nf6 38. d6 h4 39. d7 Nxd7 40. Qh8+
Ke7 41. Qxh4+ Rf6 42. Qxg4 Re6 43. Qg5+ Kf7 44. f3 Re5 45. Qf4+ Ke7 46. Qh4+ g5
47. Qh7+ Kd8 48. Qg8+ Kc7 49. a4 Nb8 50. Kd3 Rc5 51. Kd4 Nd7 52. Qa8 Kd6 53.
Qxa7 Rc1 54. Qa8 Rd1+ 55. Ke3 Kc5 56. Qc6+ Kb4 57. Qc2 Rd6 58. e5 Re6 59. Qd2+
Kxa4 60. Qa2+ 1-0

[Event "Otto Ibenfeldt Memorial - IM"]
[Site "Gausdal"]
[Date "2006.01.16"]
[Round "1"]
[White "Silseth, Simon"]
[Black "Haveland, Bjørn Ivar"]
[Result "1-0"]
[WhiteElo "2327"]
[BlackElo "2093"]
[PlyCount "81"]
[EventDate "2006.??.??"]

1. c4 d5 2. cxd5 Nf6 3. Nc3 Nxd5 4. g3 g6 5. Bg2 Nxc3 6. bxc3 Bg7 7. Rb1 c6 8.
Nf3 O-O 9. O-O b6 10. Bb2 Bb7 11. d4 Qc7 12. e4 Nd7 13. Nd2 e5 14. f4 exf4 15.
gxf4 Rfe8 16. e5 Rad8 17. Ne4 c5 18. Nd6 Bxg2 19. Nxe8 Qc6 20. Rf2 Be4 21. d5
Bxd5 22. Nxg7 Kxg7 23. e6 Bxe6 24. c4+ f6 25. Qd2 Re8 26. Re1 Nf8 27. Rfe2 Bf7
28. Rxe8 Bxe8 29. Bxf6+ Qxf6 30. Rxe8 Qd4+ 31. Qxd4+ cxd4 32. Re7+ Kf6 33. Rxa7
Ne6 34. Kf2 Nxf4 35. Rb7 Ke5 36. Kf3 g5 37. Rxb6 g4+ 38. Kxg4 d3 39. Kf3 d2 40.
Rb1 d1=Q+ 41. Rxd1 1-0

[Event "Otto Ibenfeldt Memorial - IM"]
[Site "Gausdal"]
[Date "2006.01.16"]
[Round "1"]
[White "Miezis, Normunds"]
[Black "Hole, Øystein"]
[Result "1-0"]
[WhiteElo "2470"]
[BlackElo "2370"]
[PlyCount "137"]
[EventDate "2006.??.??"]

1. c4 c6 2. e4 d5 3. exd5 cxd5 4. cxd5 Nf6 5. Nc3 Nxd5 6. Nf3 Nc6 7. Bb5 e6 8.
O-O Be7 9. Ne5 Bd7 10. Nxd7 Qxd7 11. d4 O-O 12. Be3 Rfd8 13. Rc1 Rac8 14. Na4
Nxe3 15. fxe3 Qd5 16. Nc3 Qg5 17. Qf3 Qf6 18. Qe2 Qh6 19. Rcd1 Bd6 20. g3 Rc7
21. Kg2 a6 22. Bd3 Nb4 23. Be4 Nd5 24. Bxd5 exd5 25. Rf5 Qe6 26. Qf3 Bf8 27.
Rf1 Rcd7 28. Re5 Qb6 29. Rf2 f6 30. Rxd5 Rxd5 31. Nxd5 Qa5 32. Nf4 Rd7 33. b3
Qc3 34. Nd5 Qc6 35. e4 a5 36. h4 b5 37. h5 h6 38. Qf5 a4 39. bxa4 bxa4 40. Qf3
a3 41. Qb3 Kh8 42. Rc2 Qe6 43. Qf3 Kg8 44. Nf4 Qb6 45. d5 Rc7 46. Rf2 Bc5 47.
Re2 Bd6 48. Ng6 Rc1 49. Kh3 Qg1 50. Kg4 Rf1 51. Qg2 Qxg2 52. Rxg2 Re1 53. Kf3
Rc1 54. Nf4 Rc3+ 55. Kg4 Kf7 56. Rd2 Ke7 57. Rg2 Kf7 58. Kf5 Re3 59. Rg1 Be5
60. Ng6 Bd6 61. Rb1 Rf3+ 62. Nf4 Rxg3 63. Rb7+ Kg8 64. Ng6 Re3 65. Ke6 Bg3 66.
Rb4 Re2 67. d6 Kh7 68. Rb8 Rxe4+ 69. Kf7 1-0

[Event "Otto Ibenfeldt Memorial - IM"]
[Site "Gausdal"]
[Date "2006.01.16"]
[Round "1"]
[White "Moskow, Eric"]
[Black "Westerinen, Heikki MJ"]
[Result "1-0"]
[WhiteElo "2248"]
[BlackElo "2382"]
[PlyCount "87"]
[EventDate "2006.??.??"]

1. c4 c6 2. Nf3 d5 3. cxd5 cxd5 4. d4 Nf6 5. Nc3 e6 6. Bf4 Bd6 7. Bxd6 Qxd6 8.
e3 O-O 9. Bd3 Nc6 10. O-O e5 11. Nb5 Qe7 12. dxe5 Nxe5 13. Be2 Bf5 14. Nxe5
Qxe5 15. Qd4 Qxd4 16. Nxd4 Bd7 17. Rfc1 Rfc8 18. Rxc8+ Rxc8 19. f3 Kf8 20. Kf2
Ke7 21. Bd3 g6 22. Re1 Be6 23. Bb5 a6 24. Ba4 b5 25. Bb3 Nd7 26. Kg3 Nc5 27.
Re2 b4 28. Rd2 a5 29. Bd1 Nd7 30. Rc2 Rxc2 31. Bxc2 Kd6 32. h4 Ne5 33. b3 h6
34. f4 Nc6 35. Nxc6 Kxc6 36. f5 gxf5 37. Kf4 d4 38. exd4 Kd5 39. Bxf5 Kxd4 40.
g4 a4 41. Bxe6 fxe6 42. g5 hxg5+ 43. hxg5 e5+ 44. Kf5 1-0

[Event "Otto Ibenfeldt Memorial - IM"]
[Site "Gausdal"]
[Date "2006.01.17"]
[Round "2"]
[White "Sagafos, Magne"]
[Black "Bentsen, Øyvind"]
[Result "1-0"]
[WhiteElo "2273"]
[BlackElo "2187"]
[PlyCount "97"]
[EventDate "2006.??.??"]

1. d4 Nf6 2. c4 g6 3. Nc3 Bg7 4. e4 d6 5. Nf3 O-O 6. Be2 e5 7. O-O Nc6 8. d5
Ne7 9. b4 Nd7 10. Ba3 a5 11. bxa5 Rxa5 12. Bb4 Ra8 13. a4 f5 14. Ng5 Nf6 15. f3
h6 16. Ne6 Bxe6 17. dxe6 Nc6 18. Ba3 b6 19. Nd5 f4 20. Bb2 Nh7 21. a5 bxa5 22.
Qa4 Ne7 23. Rfd1 Ng5 24. Qd7 Qxd7 25. exd7 Nxd5 26. cxd5 Bf6 27. Bc3 Bd8 28.
Bb5 Nf7 29. Bc6 Rb8 30. Bxa5 g5 31. Be1 h5 32. Rdb1 Rxb1 33. Rxb1 Kg7 34. Rb8
Kf6 35. Ba5 Ke7 36. Bxc7 Rh8 37. Bxd8+ Rxd8 38. Rc8 Nh8 39. Kf2 Ng6 40. Ba4 Nf8
41. g3 Nh7 42. h4 fxg3+ 43. Kxg3 gxh4+ 44. Kxh4 Nf6 45. Kg5 Rg8+ 46. Kf5 h4 47.
d8=B+ Rxd8 48. Rc7+ Nd7 49. Kg4 1-0

[Event "Otto Ibenfeldt Memorial - IM"]
[Site "Gausdal"]
[Date "2006.01.17"]
[Round "2"]
[White "Hole, Øystein"]
[Black "Moskow, Eric"]
[Result "1-0"]
[WhiteElo "2370"]
[BlackElo "2248"]
[PlyCount "99"]
[EventDate "2006.??.??"]

1. Nf3 d5 2. d4 Nf6 3. c4 c6 4. Nc3 a6 5. Bf4 dxc4 6. e4 b5 7. Qc2 Bb7 8. Be2
e6 9. Rd1 Nbd7 10. O-O Be7 11. Be3 Qc7 12. a4 Rc8 13. Nd2 O-O 14. f4 b4 15.
Ncb1 c5 16. d5 exd5 17. exd5 Nxd5 18. Nxc4 Nxe3 19. Nxe3 Nf6 20. Nd2 Nd5 21.
Nxd5 Bxd5 22. Bxa6 Rcd8 23. Bc4 Bc6 24. b3 Rd4 25. Rde1 Qb7 26. Re2 Bf6 27. Qf5
Qd7 28. Qxd7 Rxd7 29. Nf3 Bxf3 30. Rxf3 Rd1+ 31. Kf2 Rfd8 32. g3 g6 33. Kg2
R1d2 34. Rxd2 Rxd2+ 35. Rf2 Rd1 36. Re2 Kf8 37. a5 Ra1 38. a6 Bd4 39. g4 Rg1+
40. Kf3 Ra1 41. Ke4 Ke7 42. Kd5+ Kd7 43. Bb5+ Kc7 44. Re7+ Kb8 45. Bc4 Bg1 46.
Kc6 Rd1 47. Be2 Ra1 48. a7+ Ka8 49. Bf3 Rf1 50. Kb6+ 1-0

[Event "Otto Ibenfeldt Memorial - IM"]
[Site "Gausdal"]
[Date "2006.01.17"]
[Round "2"]
[White "Silseth, Simon"]
[Black "Miezis, Normunds"]
[Result "0-1"]
[WhiteElo "2327"]
[BlackElo "2470"]
[PlyCount "90"]
[EventDate "2006.??.??"]

1. d4 Nf6 2. c4 e6 3. Nc3 Bb4 4. Bg5 c5 5. d5 exd5 6. cxd5 O-O 7. e3 h6 8. Bh4
Re8 9. Bd3 d6 10. Nge2 Bg4 11. f3 Bh5 12. O-O Bxc3 13. bxc3 Rxe3 14. Qd2 Re8
15. Ng3 Bg6 16. Bb5 Rf8 17. f4 a6 18. Be2 Nbd7 19. f5 Bh7 20. Nh5 Re8 21. Bd3
c4 22. Bc2 Re5 23. Kh1 Rxd5 24. Nxf6+ Nxf6 25. Qf4 Re5 26. Qxc4 Qe7 27. Qd4 Re8
28. Rad1 d5 29. Bd3 Qd8 30. g4 Qa5 31. Bg3 Re3 32. Bf4 Rxd3 33. Rxd3 Qb5 34.
Rdf3 Nxg4 35. Bg3 Re4 36. Qd2 Ne3 37. Re1 Nxf5 38. Kg1 Bg6 39. Rd3 Qc5+ 40. Bf2
Rg4+ 41. Rg3 Nxg3 42. hxg3 Rxg3+ 43. Kh2 Qxc3 44. Qxd5 Rh3+ 45. Kg2 Rh5 0-1

[Event "Otto Ibenfeldt Memorial - IM"]
[Site "Gausdal"]
[Date "2006.01.17"]
[Round "2"]
[White "Haveland, Bjørn Ivar"]
[Black "Andreasen, Per"]
[Result "0-1"]
[WhiteElo "2093"]
[BlackElo "2295"]
[PlyCount "126"]
[EventDate "2006.??.??"]

1. d4 g6 2. c4 Bg7 3. Nc3 d6 4. e4 e5 5. dxe5 dxe5 6. Qxd8+ Kxd8 7. Bg5+ f6 8.
O-O-O+ Nd7 9. Be3 Bh6 10. Bxh6 Nxh6 11. h3 c6 12. g3 Ke7 13. Bg2 Nf7 14. Nf3
Nd6 15. b3 Nc5 16. Ne1 Bd7 17. Rd2 Rhd8 18. Nc2 a5 19. Rhd1 Be6 20. Ne3 Rd7 21.
f3 Rad8 22. Kc2 f5 23. a3 a4 24. Nxa4 Nxa4 25. bxa4 Nxc4 26. Rxd7+ Rxd7 27.
Rxd7+ Kxd7 28. Nxc4 Bxc4 29. f4 fxe4 30. Bxe4 exf4 31. gxf4 Be6 32. h4 Kd6 33.
Kc3 Kc5 34. Bd3 b6 35. Bc2 Bd7 36. Bb3 Kd6 37. Bg8 h6 38. Bf7 Bf5 39. Kb4 Bd3
40. Kc3 Be4 41. Kb4 Bc2 42. a5 bxa5+ 43. Kxa5 Kc5 44. h5 gxh5 45. Bxh5 Kd4 46.
Bf7 c5 47. Be6 c4 48. f5 c3 49. f6 Bg6 50. Bf5 Bf7 51. Kb4 h5 52. a4 h4 53. a5
Ke5 54. Bd3 h3 55. a6 h2 56. Be4 Kxe4 57. a7 Bd5 58. f7 h1=Q 59. f8=Q c2 60.
Qe7+ Kd3 61. Qd6 c1=Q 62. a8=Q Qc4+ 63. Ka3 Qa1# 0-1

[Event "Otto Ibenfeldt Memorial - IM"]
[Site "Gausdal"]
[Date "2006.01.17"]
[Round "2"]
[White "Westerinen, Heikki MJ"]
[Black "Lie, Espen"]
[Result "1/2-1/2"]
[WhiteElo "2382"]
[BlackElo "2325"]
[PlyCount "105"]
[EventDate "2006.??.??"]

1. e4 Nf6 2. e5 Nd5 3. d4 d6 4. Nf3 dxe5 5. Nxe5 g6 6. Bc4 c6 7. O-O Bg7 8. Nd2
Nd7 9. Ndf3 Nxe5 10. Nxe5 Be6 11. Re1 O-O 12. Bb3 a5 13. a3 Qc8 14. c4 Nb6 15.
Qe2 Nd7 16. Bf4 a4 17. Ba2 Nxe5 18. Bxe5 Bxe5 19. Qxe5 Re8 20. d5 Bd7 21. Re3
Qb8 22. Qg5 Qd6 23. Rae1 e6 24. Qf6 Qf8 25. h4 Qg7 26. Qxg7+ Kxg7 27. dxe6 Bxe6
28. c5 Kf6 29. g4 h6 30. f4 g5 31. hxg5+ hxg5 32. f5 Bd7 33. Rxe8 Bxe8 34. Bb1
Bd7 35. Rd1 Ke7 36. f6+ Ke8 37. Re1+ Be6 38. Re5 Rd8 39. Bc2 Rd2 40. Bxa4 Rd4
41. b4 Rxg4+ 42. Kf2 Rf4+ 43. Ke3 Rh4 44. Rxg5 Rh3+ 45. Kd4 Rxa3 46. Bd1 Rh3
47. Rh5 Rg3 48. Rh8+ Kd7 49. Rb8 Kc7 50. Re8 Rg6 51. Re7+ Kc8 52. Re8+ Kd7 53.
Re7+ 1/2-1/2

[Event "Otto Ibenfeldt Memorial - IM"]
[Site "Gausdal"]
[Date "2006.01.18"]
[Round "3"]
[White "Miezis, Normunds"]
[Black "Haveland, Bjørn Ivar"]
[Result "1-0"]
[WhiteElo "2470"]
[BlackElo "2093"]
[PlyCount "47"]
[EventDate "2006.??.??"]

1. c4 Nf6 2. Nc3 d5 3. cxd5 Nxd5 4. g3 g6 5. Bg2 Nxc3 6. bxc3 Bg7 7. h4 c5 8.
h5 Nc6 9. Nh3 Qc7 10. Nf4 e6 11. Ba3 b6 12. d4 Bb7 13. e3 g5 14. Qg4 Bh6 15.
Nxe6 Qd7 16. d5 Ne5 17. Qe4 Qd6 18. Nd4 O-O-O 19. O-O-O Bxd5 20. Qf5+ Be6 21.
Nxe6 Qxe6 22. Qe4 Rxd1+ 23. Rxd1 Nc4 24. Qb7# 1-0

[Event "Otto Ibenfeldt Memorial - IM"]
[Site "Gausdal"]
[Date "2006.01.18"]
[Round "3"]
[White "Lie, Espen"]
[Black "Hole, Øystein"]
[Result "1-0"]
[WhiteElo "2325"]
[BlackElo "2370"]
[PlyCount "137"]
[EventDate "2006.??.??"]

1. e4 c6 2. d4 d5 3. e5 Bf5 4. h4 h5 5. c3 e6 6. Bd3 Bxd3 7. Qxd3 Be7 8. Nf3
Nh6 9. Nbd2 Nf5 10. g3 Qb6 11. O-O c5 12. dxc5 Bxc5 13. b4 Be7 14. Nb3 Nc6 15.
Bf4 Rc8 16. Kg2 a6 17. a4 Nb8 18. Nfd4 Nxd4 19. Nxd4 Qc7 20. Rac1 Qc4 21. Qb1
Nd7 22. Rfd1 O-O 23. Nf3 Rfe8 24. Rd4 Qc6 25. Qa2 Nb6 26. a5 Qa4 27. Qe2 Nd7
28. Ng5 Bxg5 29. Bxg5 Qb3 30. Bd2 Rc4 31. Qxh5 Rec8 32. Be3 Qb2 33. Qg5 Rxc3
34. Rg4 g6 35. h5 Rxc1 36. hxg6 Qxe5 37. gxf7+ Kxf7 38. Qg6+ Ke7 39. Bg5+ Nf6
40. Rf4 Rf8 41. Bxf6+ Rxf6 42. Qg7+ Kd6 43. Rxf6 Qe4+ 44. Rf3 Kc6 45. Qf7 d4
46. Qe8+ Kc7 47. Qe7+ Kb8 48. Qd6+ Rc7 49. Qf8+ Rc8 50. Qf4+ Qxf4 51. Rxf4 Rd8
52. Kf1 Kc7 53. Re4 Kc6 54. Ke2 d3+ 55. Kd2 Kb5 56. g4 e5 57. Rxe5+ Kxb4 58. f4
Rd4 59. Rf5 Kc4 60. g5 Re4 61. g6 Re2+ 62. Kd1 Rh2 63. g7 Rh1+ 64. Kd2 Rh2+ 65.
Ke3 Re2+ 66. Kf3 Re8 67. Rf8 d2 68. g8=Q+ Kb4 69. Qd5 1-0

[Event "Otto Ibenfeldt Memorial - IM"]
[Site "Gausdal"]
[Date "2006.01.18"]
[Round "3"]
[White "Bentsen, Øyvind"]
[Black "Westerinen, Heikki MJ"]
[Result "1/2-1/2"]
[WhiteElo "2187"]
[BlackElo "2382"]
[PlyCount "98"]
[EventDate "2006.??.??"]

1. e4 e6 2. d4 d5 3. Nd2 Nf6 4. e5 Nfd7 5. Bd3 c5 6. c3 Nc6 7. Ne2 Qb6 8. Nf3
cxd4 9. cxd4 f6 10. exf6 Nxf6 11. O-O Bd6 12. Nc3 O-O 13. Bg5 Bd7 14. a3 Rae8
15. Rc1 Re7 16. Na4 Qd8 17. Nc5 Be8 18. Re1 Bxc5 19. Rxc5 Bh5 20. Be2 h6 21.
Bxf6 Rxf6 22. Ne5 Nxe5 23. dxe5 Bxe2 24. Qxe2 Rf8 25. Rec1 Ref7 26. b4 Rxf2 27.
Qxf2 Rxf2 28. Rc8 Qxc8 29. Rxc8+ Rf8 30. Rc7 Rf7 31. Rc8+ Kh7 32. Re8 Kg6 33.
g4 Kg5 34. Rxe6 Kxg4 35. Rd6 Kf5 36. Rxd5 Ke6 37. Rb5 b6 38. a4 Rc7 39. a5 Rc6
40. Kf2 Rc2+ 41. Kg3 Rc6 42. Kf4 g5+ 43. Kg4 Rc4+ 44. Kg3 bxa5 45. Rxa5 Rxb4
46. Rxa7 Kxe5 47. Ra6 Rh4 48. h3 Kf5 49. Rb6 Ke5 1/2-1/2

[Event "Otto Ibenfeldt Memorial - IM"]
[Site "Gausdal"]
[Date "2006.01.18"]
[Round "3"]
[White "Andreasen, Per"]
[Black "Sagafos, Magne"]
[Result "1-0"]
[WhiteElo "2295"]
[BlackElo "2273"]
[PlyCount "99"]
[EventDate "2006.??.??"]

1. Nf3 c5 2. c4 g6 3. Nc3 Bg7 4. e3 b6 5. d4 cxd4 6. exd4 Bb7 7. d5 d6 8. Be2
Nf6 9. O-O O-O 10. Re1 Nbd7 11. Bf1 Re8 12. Bg5 h6 13. Be3 Nf8 14. Nd4 Qd7 15.
h3 e6 16. dxe6 Nxe6 17. Qd2 Kh7 18. Rad1 Nxd4 19. Bxd4 Rad8 20. Rxe8 Nxe8 21.
Bxg7 Nxg7 22. Bd3 Ne6 23. Be4 Kg7 24. Bxb7 Qxb7 25. Nd5 f6 26. Re1 Qf7 27. Re3
Kh7 28. Qc3 Rf8 29. b3 f5 30. f4 h5 31. Qb4 Rd8 32. Kh2 Kh6 33. Qe1 Re8 34. Qg3
Nc7 35. Rxe8 Nxe8 36. Qg5+ Kg7 37. Qd8 b5 38. Qb8 bxc4 39. bxc4 Qd7 40. Qb2+
Kf7 41. Qd4 Qa4 42. Qe3 Qd7 43. Kg3 Nf6 44. Nxf6 Kxf6 45. Qd4+ Ke6 46. Qd5+ Ke7
47. Kh4 Qd8 48. Kg5 Qh8 49. Kxg6 Qf6+ 50. Kh7 1-0

[Event "Otto Ibenfeldt Memorial - IM"]
[Site "Gausdal"]
[Date "2006.01.18"]
[Round "3"]
[White "Moskow, Eric"]
[Black "Silseth, Simon"]
[Result "0-1"]
[WhiteElo "2248"]
[BlackElo "2327"]
[PlyCount "81"]
[EventDate "2006.??.??"]

1. d4 Nf6 2. Nf3 d6 3. Nc3 Nbd7 4. e4 e5 5. Bc4 Be7 6. O-O O-O 7. Re1 c6 8. a4
b6 9. Ba2 a6 10. h3 Bb7 11. Nh4 g6 12. Nf3 Kg7 13. dxe5 Nxe5 14. Bf4 Qc7 15.
Nh2 b5 16. Qc1 Ng8 17. Be3 b4 18. Ne2 c5 19. f3 Rfe8 20. Nf4 c4 21. Qd2 a5 22.
Nd5 Bxd5 23. Qxd5 Nf6 24. Qd4 Rac8 25. Rad1 Kg8 26. Bf2 Qc6 27. Nf1 Qxa4 28.
Bb1 Qb5 29. Ne3 a4 30. f4 Ned7 31. g4 Bf8 32. c3 bxc3 33. bxc3 a3 34. g5 Nh5
35. e5 Re6 36. Be4 Nxf4 37. Nd5 Nxh3+ 38. Kh2 Nxg5 39. Nf6+ Nxf6 40. exf6 Rxe4
41. Rxe4 0-1

[Event "Otto Ibenfeldt Memorial - IM"]
[Site "Gausdal"]
[Date "2006.01.18"]
[Round "4"]
[White "Hole, Øystein"]
[Black "Bentsen, Øyvind"]
[Result "1-0"]
[WhiteElo "2370"]
[BlackElo "2187"]
[PlyCount "79"]
[EventDate "2006.??.??"]

1. Nf3 Nf6 2. c4 g6 3. Nc3 Bg7 4. e4 d6 5. d4 O-O 6. Be2 e5 7. O-O Nc6 8. d5
Ne7 9. b4 Nh5 10. Re1 f5 11. Ng5 Nf6 12. Bf3 c6 13. Qb3 h6 14. Ne6 Bxe6 15.
dxe6 Qc8 16. Rd1 Qxe6 17. Rxd6 Qf7 18. Bb2 g5 19. c5 Qxb3 20. axb3 f4 21. Be2
Rfe8 22. f3 Nc8 23. Rd2 Bf8 24. Na4 b5 25. cxb6 Nxb6 26. Rc2 Rac8 27. Nc5 Rc7
28. Rac1 Rcc8 29. Ba6 Rc7 30. Kf1 Kh7 31. Nd3 Nfd7 32. Rxc6 Rxc6 33. Rxc6 Nb8
34. Rc7+ Re7 35. Rxe7+ Bxe7 36. b5 N6d7 37. Nxe5 Bf6 38. Nxd7 Nxd7 39. Bxf6
Nxf6 40. Bc8 1-0

[Event "Otto Ibenfeldt Memorial - IM"]
[Site "Gausdal"]
[Date "2006.01.18"]
[Round "4"]
[White "Silseth, Simon"]
[Black "Lie, Espen"]
[Result "0-1"]
[WhiteElo "2327"]
[BlackElo "2325"]
[PlyCount "88"]
[EventDate "2006.??.??"]

1. c4 e6 2. d4 d5 3. Nf3 c5 4. cxd5 exd5 5. Nc3 Nc6 6. g3 Nf6 7. Bg2 Be7 8. O-O
O-O 9. b3 Be6 10. Bb2 Ne4 11. dxc5 Nxc3 12. Bxc3 Bxc5 13. Nd4 Qb6 14. Nxc6 bxc6
15. Qd2 a5 16. e3 Rfd8 17. Bd4 Bxd4 18. exd4 a4 19. b4 a3 20. Rab1 Ra4 21. f4
Bf5 22. Rb3 Rb8 23. Re1 g6 24. Rd1 Rxb4 25. Rxa3 Rb2 26. Qe3 Rb1 27. Rf1 Rb4
28. Rd1 Bg4 29. Rd2 Rb1+ 30. Kf2 Qb4 31. Qc3 Qe7 32. Qe3 R8b2 33. Rxb2 Rxb2+
34. Kg1 Qxe3+ 35. Rxe3 Rxa2 36. Rd3 Be2 37. Re3 Rd2 38. Re8+ Kg7 39. Rc8 Bb5
40. Bh3 Rxd4 41. Bd7 Rc4 42. Kf2 d4 43. Ke1 d3 44. Bg4 Rc2 0-1

[Event "Otto Ibenfeldt Memorial - IM"]
[Site "Gausdal"]
[Date "2006.01.18"]
[Round "4"]
[White "Westerinen, Heikki MJ"]
[Black "Andreasen, Per"]
[Result "1-0"]
[WhiteElo "2382"]
[BlackElo "2295"]
[PlyCount "83"]
[EventDate "2006.??.??"]

1. e4 g6 2. d4 Bg7 3. Nc3 d6 4. Nf3 a6 5. Be2 b5 6. O-O Nd7 7. e5 Bb7 8. Bf4
Nh6 9. Qd2 Nf5 10. exd6 exd6 11. Bd3 Ne7 12. Ne4 O-O 13. Bh6 f5 14. Ng3 Bxf3
15. gxf3 Bxh6 16. Qxh6 Nd5 17. Bxf5 gxf5 18. Qe6+ Kh8 19. Qxd5 Nb6 20. Qb3 Rf6
21. f4 Nc4 22. Rfe1 Rh6 23. Nxf5 Qg8+ 24. Ng3 Qg4 25. d5 Qxf4 26. Re4 Qf6 27.
Re6 Qf4 28. Qc3+ Kg8 29. Re4 Qf6 30. Rg4+ Kf7 31. Qxf6+ Rxf6 32. Ne4 Rf5 33.
Ng5+ Ke7 34. Re1+ Kd7 35. Nxh7 Rh8 36. Rg7+ Kc8 37. Ree7 Rxd5 38. Rxc7+ Kb8 39.
Rb7+ Kc8 40. Nf6 Ne5 41. Nxd5 Rh5 42. Rgc7+ 1-0

[Event "Otto Ibenfeldt Memorial - IM"]
[Site "Gausdal"]
[Date "2006.01.18"]
[Round "4"]
[White "Haveland, Bjørn Ivar"]
[Black "Sagafos, Magne"]
[Result "0-1"]
[WhiteElo "2093"]
[BlackElo "2273"]
[PlyCount "58"]
[EventDate "2006.??.??"]

1. d3 c5 2. g3 Nc6 3. Bg2 g6 4. f4 Bg7 5. Nf3 d6 6. c4 Nf6 7. O-O O-O 8. Nc3 a6
9. a4 Bd7 10. h3 Nd4 11. Kh2 Bc6 12. e4 Qd7 13. Nxd4 cxd4 14. Nd5 Bxd5 15. cxd5
Rfc8 16. b3 Qc7 17. Bb2 Nd7 18. Rf2 Qb6 19. Ba3 Rc3 20. Rb1 Rac8 21. Re2 a5 22.
Bf1 Nc5 23. Reb2 Na6 24. Be2 R8c7 25. Kg2 Nb4 26. Bxb4 Qxb4 27. Qd2 Bf6 28. Bd1
Kg7 29. Rc2 Rxc2 0-1

[Event "Otto Ibenfeldt Memorial - IM"]
[Site "Gausdal"]
[Date "2006.01.18"]
[Round "4"]
[White "Miezis, Normunds"]
[Black "Moskow, Eric"]
[Result "1-0"]
[WhiteElo "2470"]
[BlackElo "2248"]
[PlyCount "146"]
[EventDate "2006.??.??"]

1. c4 e5 2. Nc3 Nf6 3. g3 Bb4 4. Bg2 O-O 5. e4 Bxc3 6. dxc3 Na6 7. Nh3 Nc5 8.
f3 d6 9. O-O a5 10. b3 h6 11. Nf2 Qe7 12. Qe2 c6 13. Nd1 a4 14. b4 Ncd7 15. Ne3
Nb6 16. Ba3 Be6 17. Rad1 Rfd8 18. f4 exf4 19. gxf4 d5 20. e5 Ne4 21. Bxe4 dxe4
22. Rd6 f5 23. Rfd1 Rxd6 24. exd6 Qf7 25. Rd4 Nd7 26. Rd2 Kh7 27. c5 g5 28. Qf2
Rg8 29. Kh1 Qg6 30. Rd1 gxf4 31. Qxf4 Qg5 32. Rf1 Qxf4 33. Rxf4 Kg6 34. Rf2 Ne5
35. c4 Nf3 36. Rg2+ Kf7 37. Rxg8 Kxg8 38. Bc1 Kf7 39. a3 h5 40. Kg2 h4 41. Nd1
Bxc4 42. Bf4 Ke6 43. Ne3 Ne1+ 44. Kh3 Be2 45. Kxh4 Nf3+ 46. Kh5 Nxh2+ 47. Kg6
Ng4 48. Nxf5 Bd3 49. Kg5 Nf6 50. Ne7 Nd7 51. Bc1 Nf8 52. Ng6 Nd7 53. Nf4+ Kf7
54. Bb2 Bc2 55. Kf5 e3+ 56. Kg4 Bd1+ 57. Kg3 b6 58. Bd4 e2 59. Kf2 b5 60. Bc3
Ke8 61. Ke1 Kf7 62. Kd2 e1=Q+ 63. Kxe1 Bf3 64. Kf2 Be4 65. Ke3 Bh1 66. Bb2 Nf8
67. Nh3 Nd7 68. Ng5+ Ke8 69. Kf4 Bd5 70. Bg7 Bh1 71. Kf5 Bd5 72. Bf6 Nf8 73.
Be7 Nd7 1-0

[Event "Otto Ibenfeldt Memorial - IM"]
[Site "Gausdal"]
[Date "2006.01.19"]
[Round "5"]
[White "Moskow, Eric"]
[Black "Haveland, Bjørn Ivar"]
[Result "1-0"]
[WhiteElo "2248"]
[BlackElo "2093"]
[PlyCount "63"]
[EventDate "2006.??.??"]

1. c4 Nf6 2. Nc3 d5 3. cxd5 Nxd5 4. Nf3 g6 5. e4 Nxc3 6. dxc3 Qxd1+ 7. Kxd1 Bg7
8. Be3 b6 9. Bb5+ Bd7 10. Bc4 c5 11. Kc2 Bc6 12. Nd2 Nd7 13. f3 h5 14. a4 Bh6
15. Bxh6 Rxh6 16. Bb5 g5 17. Nc4 a6 18. Bxc6 Rxc6 19. Rhd1 Rb8 20. Rd5 f6 21.
Rad1 Rb7 22. h4 e6 23. R5d2 Ke7 24. e5 g4 25. Rxd7+ Rxd7 26. exf6+ Kxf6 27.
Rxd7 gxf3 28. gxf3 b5 29. axb5 axb5 30. Nd2 b4 31. cxb4 cxb4+ 32. Kd3 1-0

[Event "Otto Ibenfeldt Memorial - IM"]
[Site "Gausdal"]
[Date "2006.01.19"]
[Round "5"]
[White "Lie, Espen"]
[Black "Miezis, Normunds"]
[Result "1/2-1/2"]
[WhiteElo "2325"]
[BlackElo "2470"]
[PlyCount "22"]
[EventDate "2006.??.??"]

1. e4 c5 2. Nf3 e6 3. d4 cxd4 4. Nxd4 a6 5. Bd3 Nc6 6. Nxc6 dxc6 7. Nd2 e5 8.
Qh5 Bd6 9. Nc4 Nf6 10. Nxd6+ Qxd6 11. Qe2 Be6 1/2-1/2

[Event "Otto Ibenfeldt Memorial - IM"]
[Site "Gausdal"]
[Date "2006.01.19"]
[Round "5"]
[White "Bentsen, Øyvind"]
[Black "Silseth, Simon"]
[Result "1/2-1/2"]
[WhiteElo "2187"]
[BlackElo "2327"]
[PlyCount "26"]
[EventDate "2006.??.??"]

1. e4 e5 2. Nf3 d6 3. d4 Nf6 4. dxe5 Nxe4 5. Qd5 Nc5 6. Bg5 Be7 7. exd6 Qxd6 8.
Nc3 O-O 9. O-O-O Be6 10. Qxd6 Bxd6 11. Nd4 Nc6 12. Nxc6 bxc6 13. Be2 Rab8
1/2-1/2

[Event "Otto Ibenfeldt Memorial - IM"]
[Site "Gausdal"]
[Date "2006.01.19"]
[Round "5"]
[White "Sagafos, Magne"]
[Black "Westerinen, Heikki MJ"]
[Result "1/2-1/2"]
[WhiteElo "2273"]
[BlackElo "2382"]
[PlyCount "95"]
[EventDate "2006.??.??"]

1. e4 e6 2. d4 d5 3. Nd2 c5 4. exd5 exd5 5. Ngf3 Nf6 6. Bb5+ Bd7 7. Qe2+ Qe7 8.
Ne5 a6 9. Bxd7+ Nfxd7 10. O-O Nc6 11. Qh5 Nxd4 12. Nxd7 Qxd7 13. c3 Nc6 14. Nf3
Be7 15. Bg5 Qf5 16. Rae1 O-O-O 17. g4 Qxf3 18. Bxe7 Nxe7 19. Rxe7 g6 20. Qh4
Rhe8 21. Rfe1 Rxe7 22. Qxe7 Qxg4+ 23. Kh1 Qd7 24. Qxc5+ Qc6 25. Qd4 Qc4 26. Qa7
Qb5 27. a4 Qxb2 28. Kg2 Qxc3 29. Re7 Rd7 30. Rxd7 Kxd7 31. Qxb7+ Ke8 32. Qxa6
d4 33. Qb5+ Ke7 34. Qe5+ Kd7 35. a5 Qc6+ 36. Kf1 d3 37. Qd4+ Kc8 38. Qxd3 Qc1+
39. Ke2 Qb2+ 40. Qd2 Qe5+ 41. Qe3 Qxa5 42. Qe8+ Qd8 43. Qxf7 Qd7 44. Qxd7+ Kxd7
45. Kf3 Ke6 46. Kg4 Kf6 47. h4 h6 48. h5 1/2-1/2

[Event "Otto Ibenfeldt Memorial - IM"]
[Site "Gausdal"]
[Date "2006.01.20"]
[Round "6"]
[White "Miezis, Normunds"]
[Black "Bentsen, Øyvind"]
[Result "1-0"]
[WhiteElo "2470"]
[BlackElo "2187"]
[PlyCount "89"]
[EventDate "2006.??.??"]

1. c4 Nf6 2. Nc3 d6 3. g3 g6 4. Bg2 Bg7 5. e4 O-O 6. Nge2 e5 7. O-O Nbd7 8. h3
Re8 9. d3 c6 10. Be3 Nf8 11. d4 exd4 12. Nxd4 a6 13. Rc1 Ne6 14. Nb3 Nh5 15.
Na4 Bf8 16. Nb6 Rb8 17. Qd2 Nc5 18. Nxc5 dxc5 19. Qxd8 Rxd8 20. Rcd1 Be6 21. g4
Ng7 22. Bg5 Rxd1 23. Rxd1 Re8 24. Bf6 Be7 25. e5 Kf8 26. f4 h5 27. Bf3 hxg4 28.
hxg4 Rb8 29. Kf2 Ne8 30. g5 Nxf6 31. gxf6 Bd8 32. Nd7+ Bxd7 33. Rxd7 Ke8 34.
Rd1 Kf8 35. b3 Ba5 36. Rd7 Bd8 37. Ke3 Ke8 38. Rd1 Kf8 39. Be4 Ba5 40. Rd7 Bc3
41. Kf3 Kg8 42. Kg4 Bb2 43. Kg5 Bc1 44. Bxg6 fxg6 45. e6 1-0